000 00459nam a2200217Ia 4500
003 IT-RoPAU
008 120407s9999 xx 000 0 und d
040 _aIT-RoPAU
040 _cIT-RoPAU
041 _aita
100 _aRomeo Galli
245 _aLa vera origine del Santuario di Piratello.
250 _aBologna
260 _aMareggiani
260 _c1943
300 _a103 p.
300 _c24 cm
490 _v1
942 _cBK
999 _c24092
_d24092